| 000 -LEADER |
| fixed length control field |
02400cam a22004094a 4500 |
| 001 - CONTROL NUMBER |
| control field |
15321936 |
| 005 - DATE AND TIME OF LATEST TRANSACTION |
| control field |
20230731145415.0 |
| 008 - FIXED-LENGTH DATA ELEMENTS--GENERAL INFORMATION |
| fixed length control field |
080605s2009 njua b 001 0 eng |
| 010 ## - LIBRARY OF CONGRESS CONTROL NUMBER |
| LC control number |
2008025189 |
| 015 ## - NATIONAL BIBLIOGRAPHY NUMBER |
| National bibliography number |
GBA882493 |
| Source |
bnb |
| 016 7# - NATIONAL BIBLIOGRAPHIC AGENCY CONTROL NUMBER |
| Record control number |
101475839 |
| Source |
DNLM |
| 016 7# - NATIONAL BIBLIOGRAPHIC AGENCY CONTROL NUMBER |
| Record control number |
014656183 |
| Source |
Uk |
| 020 ## - INTERNATIONAL STANDARD BOOK NUMBER |
| International Standard Book Number |
9780131722101 (alk. paper) |
| 035 ## - SYSTEM CONTROL NUMBER |
| System control number |
(OCoLC)231787184 |
| Canceled/invalid control number |
(OCoLC)233262949 |
| 035 ## - SYSTEM CONTROL NUMBER |
| System control number |
(OCoLC)ocn231787184 |
| 040 ## - CATALOGING SOURCE |
| Original cataloging agency |
DNLM/DLC |
| Transcribing agency |
DLC |
| Modifying agency |
NLM |
| -- |
BAKER |
| -- |
C#P |
| -- |
YDXCP |
| -- |
CDX |
| -- |
UKM |
| -- |
DLC |
| 042 ## - AUTHENTICATION CODE |
| Authentication code |
pcc |
| 050 00 - LIBRARY OF CONGRESS CALL NUMBER |
| Classification number |
RT 120 .I5P47 2009 |
| 060 00 - NATIONAL LIBRARY OF MEDICINE CALL NUMBER |
| Classification number |
2008 K-620 |
| 060 10 - NATIONAL LIBRARY OF MEDICINE CALL NUMBER |
| Classification number |
WY 154 |
| Item number |
P458u 2009 |
| 082 00 - DEWEY DECIMAL CLASSIFICATION NUMBER |
| Classification number |
616.02/8 |
| Edition number |
22 |
| 100 1# - MAIN ENTRY--PERSONAL NAME |
| Personal name |
Perrin, Kathleen Ouimet. |
| 245 10 - TITLE STATEMENT |
| Title |
Understanding the essentials of critical care nursing / |
| Statement of responsibility, etc. |
Kathleen Ouimet Perrin. |
| 260 ## - PUBLICATION, DISTRIBUTION, ETC. (IMPRINT) |
| Place of publication, distribution, etc. |
Upper Saddle River, N.J. : |
| Name of publisher, distributor, etc. |
Pearson Prentice Hall, |
| Date of publication, distribution, etc. |
c2009. |
| 300 ## - PHYSICAL DESCRIPTION |
| Extent |
xxviii, 543 p. : |
| Other physical details |
ill. (chiefly col.) ; |
| Dimensions |
28 cm. |
| 504 ## - BIBLIOGRAPHY, ETC. NOTE |
| Bibliography, etc |
Includes bibliographical references and index. |
| 505 0# - FORMATTED CONTENTS NOTE |
| Formatted contents note |
What is critical care? -- Care of the critically ill patient -- Care of the patient with respiratory failure -- Interpretation and management of basic dysrhythmias -- Cardiodynamics and hemodynamics regulation -- Care of the patient experiencing shock or heart failure -- Care of the patient with acute coronary syndrome -- Care of the patient following a traumatic injury -- Care of the patient experiencing an intracranial dysfunction -- |
| 505 0# - FORMATTED CONTENTS NOTE |
| Formatted contents note |
Care of the patient with a cerebral or cerebrovascular disorder -- Care of the critically ill patient experiencing alcohol withdrawal and/or liver failure -- Care of the patient with an acute gastrointestinal bleed or pancreatitis -- Care of the patient with endocrine disorders -- Care of the patient with acute renal failure -- Care of the organ donor and transplant recipient -- Care of the acutely ill burn patient -- Care of the patient with sepsis -- Caring for the ICU patient at the end of life. |
| 650 #0 - SUBJECT ADDED ENTRY--TOPICAL TERM |
| Topical term or geographic name as entry element |
Intensive care nursing. |
| 650 12 - SUBJECT ADDED ENTRY--TOPICAL TERM |
| Topical term or geographic name as entry element |
Critical Care |
| General subdivision |
methods. |
| 650 22 - SUBJECT ADDED ENTRY--TOPICAL TERM |
| Topical term or geographic name as entry element |
Critical Illness |
| General subdivision |
nursing. |
| 650 22 - SUBJECT ADDED ENTRY--TOPICAL TERM |
| Topical term or geographic name as entry element |
Nursing Care |
| General subdivision |
methods. |
| 856 41 - ELECTRONIC LOCATION AND ACCESS |
| Materials specified |
Table of contents only |
| Uniform Resource Identifier |
<a href="http://www.loc.gov/catdir/toc/ecip0820/2008025189.html">http://www.loc.gov/catdir/toc/ecip0820/2008025189.html</a> |
| 906 ## - LOCAL DATA ELEMENT F, LDF (RLIN) |
| a |
7 |
| b |
cbc |
| c |
orignew |
| d |
1 |
| e |
ecip |
| f |
20 |
| g |
y-gencatlg |
| 942 ## - ADDED ENTRY ELEMENTS (KOHA) |
| Source of classification or shelving scheme |
|
| Koha item type |
Hard Covered Materials |
| Classification part |
RT 120 .I5P47 2009 |